Personal Management (Record no. 2631)

MARC details
000 -LEADER
fixed length control field 00394nam a22001577a 4500
005 - DATE AND TIME OF LATEST TRANSACTION
control field 20180720161108.0
008 - FIXED-LENGTH DATA ELEMENTS--GENERAL INFORMATION
fixed length control field 160614b xxu||||| |||| 00| 0 eng d
041 ## - LANGUAGE CODE
Language code of text/sound track or separate title eng
082 ## - DEWEY DECIMAL CLASSIFICATION NUMBER
Item number 7390
Classification number 658.3
100 ## - MAIN ENTRY--AUTHOR NAME
Personal name Mamoria, Dr.C.B & Gankar, S.V
245 ## - TITLE STATEMENT
Title Personal Management
260 ## - PUBLICATION, DISTRIBUTION, ETC. (IMPRINT)
Name of publisher HIMALAYA PUBLISHING HOUSE
Place of publication MUMBAI
300 ## - PHYSICAL DESCRIPTION
Number of Pages 920p,
650 ## - SUBJECT ADDED ENTRY--TOPICAL TERM
Topical Term Management
942 ## - ADDED ENTRY ELEMENTS (KOHA)
Koha item type Books
Holdings
Lost status Damaged status Collection code Home library Current library Shelving location Date acquired Cost, normal purchase price Full call number Accession Number Koha item type
    MANAGEMENT JRU Library JRU Library SHELF-62 -B 14/06/2016 950.00 658.3 7390 Books
    MANAGEMENT JRU Library JRU Library SHELF-62 -B 14/06/2016 950.00 658.3 7391 Books